000 00498nam a2200181Ia 4500
005 20250326123941.0
008 250326s9999 xx 000 0 und d
037 _aTextbook
040 _aFMSL
_beng
_cFMSL
041 _aeng
_2eng
084 _aT48 L12
_qFMSL
100 _aJohnson D E
_9736477
245 0 _aApproaches to individualizes writing
_cJohnson D E; Wolf J A
260 _aNY
_bNY, Canfield
_c1971
300 _a442p
942 _cTB
_hT48 L12
999 _c1271623
_d1271623